Full-information estimates of a nonlinear macroeconometric model (Registro nro. 26382)
[ vista simple ]
| 000 -LEADER | |
|---|---|
| fixed length control field | 00383 a2200121 4500 |
| 001 - CONTROL NUMBER | |
| control field | ART_12453 |
| 005 - DATE AND TIME OF LATEST TRANSACTION | |
| control field | 20260410161906.0 |
| 008 - FIXED-LENGTH DATA ELEMENTS--GENERAL INFORMATION | |
| fixed length control field | 260409a |
| 100 1# - MAIN ENTRY--PERSONAL NAME | |
| Personal name | Fair, Ray C. |
| 245 10 - TITLE STATEMENT | |
| Title | Full-information estimates of a nonlinear macroeconometric model |
| 700 1# - ADDED ENTRY--PERSONAL NAME | |
| Personal name | Parke, William R. |
| 773 0# - HOST ITEM ENTRY | |
| Title | Journal of econometrics |
| Related parts | - Vol. 13, Nº 3 (ago. 1980) |
| Record control number | REV11720 |
No hay ítems disponibles.